000 00216nam a22000977a 4500
082 _a823
_bSTI/G
100 _aSTINE, R L
245 _aGOOSEBUMPS THE DEADLY EXPERIMENTS OF DR.EEX
650 _aENGLISH STORY
942 _cBK
999 _c7683
_d7683